Normal view MARC view
  • Chandan, T.S. Dr and others

Entry Personal Name

Number of records used in: 2

001 - CONTROL NUMBER

  • control field: 4319

003 - CONTROL NUMBER IDENTIFIER

  • control field: OSt

005 - DATE AND TIME OF LATEST TRANSACTION

  • control field: 20180530111057.0

008 - FIXED-LENGTH DATA ELEMENTS

  • fixed length control field: 180530|| aca||aabn | a|a d

040 ## - CATALOGING SOURCE

  • Original cataloging agency: OSt
  • Transcribing agency: OSt

100 ## - HEADING--PERSONAL NAME

  • Personal name: Chandan, T.S. Dr and others

670 ## - SOURCE DATA FOUND

  • Source citation: Work cat.: (OSt)2749: Chandan, T.S. Dr and others, Business Statistics